• 首页
  • 本馆介绍
  • 公告通知
  • 最新文献
  • 馆藏检索
  • 电子资源
  • 读者导购
  • 参考咨询
  • 我的图书馆
  • 登录
  • 详细信息显示
  • 放入我的书架
  • 预约/预借图书
  • 作者相关作品
  • 分类相关作品
  • 丛书相关作品
  • 出版社相关作品

书目信息

  • 表格格式
  • 工作单格式
  • 卡片格式
题名:
小腆纪年附考
    
 
作者: 徐鼒 撰
分册:  
出版信息: 北京   中华书局  1957.5
页数: 402页页
开本: 20cm
丛书名:
单 册:
中图分类: K248.4
科图分类:
主题词: 中国--历史
电子资源:
ISBN:
000 00512nam0 2200193 45
001 0312221749
005 20031222171225.9
010    @dCNY3.50
100    @a20031222d1957 km y0chiy0120 ea
101    @achi
105    @a z 000yy
200 1  @a小腆纪年附考@AXiao Tian Ji Nian Fu Kao@f徐鼒撰@FXu Zi Zhuan
210    @a北京@c中华书局@d1957.5
215    @a402页页@d20cm
606 0  @a中国@x历史
690    @aK248.4@v3
701 0  @a徐鼒@4撰
801    @aCN@bTSTCL@c20031222
905    @a213230@dK248.4@e54:1@b228982@f1
    
    小腆纪年附考/徐鼒撰.-北京:中华书局,1957.5
    402页页;20cm
    
    
    ISBN :CNY3.50
    
●
相关链接 在E读中查询图书 在五车中查询图书 在当当中查询图书 在豆瓣中查询图书


正题名:小腆纪年附考     索取号:K248.4/54:1         预约/预借

序号 登录号 条形码 馆藏地/架位号 状态 备注
1 0228982   001837141   密集书库/ [索取号:K248.4/54:1] 在馆    
唐山师范学院图书馆 欢迎您!
大连网信软件有限公司© 版权所有